[Event "ARA Cto de Aragon por Equipos Division "]
[Site "Aragon"]
[Date "2021.03.13"]
[Round "1.27"]
[White "Buisac Anadon, Pablo"]
[Black "San Lazaro Lorente, David"]
[Result "1-0"]
[WhiteElo "2064"]
[BlackElo "1798"]
[PlyCount "63"]
[EventDate "2021.03.13"]
[WhiteTeam "Jaque Pirenauto"]
[BlackTeam "Tauste"]

1. d4 d6 2. Nf3 Nf6 3. c4 g6 4. Nc3 Bg7 5. e4 O-O 6. Be3 b6 7. Be2 Bb7 8. Nd2
e5 9. d5 Nbd7 10. O-O a5 11. Qc2 Nc5 12. a3 Ne8 13. b4 Nd7 14. Na4 f5 15. f3 f4
16. Bf2 Rf7 17. Nb3 axb4 18. axb4 Ba6 19. c5 Bxe2 20. Qxe2 dxc5 21. bxc5 Bf8
22. cxb6 Nxb6 23. Nac5 Bxc5 24. Nxc5 Nd6 25. Ne6 Qb8 26. Rac1 c5 27. Bxc5 Rfa7
28. Qb2 Ra2 29. Qxb6 Qxb6 30. Bxb6 Rb2 31. Bc5 Raa2 32. Rf2 1-0

[Event "ARA Cto de Aragon por Equipos Division "]
[Site "Aragon"]
[Date "2021.03.13"]
[Round "1.28"]
[White "Liarte Marinoso, Aaron"]
[Black "Buisan Zaharia, Pedro"]
[Result "0-1"]
[WhiteElo "1670"]
[BlackElo "1956"]
[PlyCount "84"]
[EventDate "2021.03.13"]
[WhiteTeam "Tauste"]
[BlackTeam "Jaque Pirenauto"]

1. Nf3 d5 2. b3 Nf6 3. d4 Bf5 4. c4 e6 5. e3 c5 6. Nh4 Bg4 7. Be2 Bxe2 8. Qxe2
Nc6 9. dxc5 Bxc5 10. O-O O-O 11. Rd1 Qe7 12. Bb2 Rfd8 13. Nc3 d4 14. Na4 dxe3
15. Nxc5 exf2+ 16. Qxf2 Ng4 17. Qg3 Qxc5+ 18. Kf1 Qg5 19. Re1 h6 20. Nf3 Qf5
21. Kg1 g5 22. Kh1 Qf4 23. Qxf4 gxf4 24. Kg1 Ne3 25. Rac1 Nb4 26. Rc3 Nd3 27.
Re2 Nxb2 28. Rxb2 Nd1 29. Rcc2 Nxb2 30. Rxb2 f6 31. Kf2 Rd3 32. Nh4 Kf7 33. Ke2
Rad8 34. Nf3 e5 35. Rd2 Rxd2+ 36. Nxd2 f5 37. c5 e4 38. Nc4 Ke6 39. b4 Kd5 40.
Na5 b6 41. cxb6 axb6 42. Nb7 Rd7 0-1

[Event "ARA Cto de Aragon por Equipos Division "]
[Site "Aragon"]
[Date "2021.03.13"]
[Round "1.29"]
[White "Aranaz Murillo, Amalia"]
[Black "Cid Royo, Jonathan"]
[Result "1-0"]
[WhiteElo "2224"]
[BlackElo "2176"]
[PlyCount "53"]
[EventDate "2021.03.13"]
[WhiteTeam "Palacio de Pioneros B"]
[BlackTeam "L'Aurora"]

1. Nf3 d5 2. c4 e6 3. e3 Nf6 4. Nc3 c6 5. b3 Bd6 6. Bb2 Qe7 7. Qc2 Nbd7 8. Be2
O-O 9. O-O e5 10. cxd5 Nxd5 11. d4 Nxc3 12. Bxc3 e4 13. Nd2 Re8 14. Rfd1 Nf6
15. Nf1 Nd5 16. Bd2 Qg5 17. f4 exf3 18. Bxf3 Bg4 19. e4 Qg6 20. Kh1 Bxf3 21.
gxf3 Qf6 22. Qd3 Nf4 23. Qe3 Nh3 24. Ng3 g6 25. e5 Qe6 26. Ne4 Be7 27. Qh6 1-0

[Event "ARA Cto de Aragon por Equipos Division "]
[Site "Aragon"]
[Date "2021.03.13"]
[Round "1.30"]
[White "Cid Royo, Oscar"]
[Black "Zambrana Petisme, Ramiro"]
[Result "1/2-1/2"]
[WhiteElo "2039"]
[BlackElo "2102"]
[PlyCount "94"]
[EventDate "2021.03.13"]
[WhiteTeam "L'Aurora"]
[BlackTeam "Palacio de Pioneros B"]

1. d4 Nf6 2. Nf3 g6 3. g3 Bg7 4. Bg2 O-O 5. O-O d5 6. b3 c5 7. Bb2 cxd4 8. Bxd4
Nc6 9. Bb2 Re8 10. c4 dxc4 11. bxc4 Qb6 12. Qb3 Na5 13. Qxb6 axb6 14. Nbd2 Be6
15. Rfc1 Rec8 16. Nd4 Nd7 17. Rab1 Bxc4 18. Nxc4 Rxc4 19. e3 Nc5 20. Rxc4 Nxc4
21. Bd5 Nxb2 22. Rxb2 Rd8 23. Bg2 Bxd4 24. exd4 Rxd4 25. Rxb6 Rd1+ 26. Bf1 Ra1
27. Rb2 Kg7 28. Kg2 Kf6 29. Bc4 e6 30. Rb5 Ne4 31. Rb2 Nd6 32. Be2 Ke7 33. Bf3
b5 34. Bc6 Kd8 35. Bxb5 Nxb5 36. Rxb5 Rxa2 37. Rb7 Rd2 38. Rxf7 Rd7 39. Rxd7+
Kxd7 40. Kf3 Ke7 41. Ke4 Kf6 42. f4 g5 43. h3 gxf4 44. Kxf4 h5 45. g4 e5+ 46.
Ke4 hxg4 47. hxg4 Kg5 1/2-1/2

[Event "ARA Cto de Aragon por Equipos Division "]
[Site "Aragon"]
[Date "2021.03.13"]
[Round "1.31"]
[White "Sacristan Latorre, Alberto"]
[Black "Pellicer Cemeli, Jose Luis"]
[Result "1/2-1/2"]
[WhiteElo "2114"]
[BlackElo "1972"]
[PlyCount "75"]
[EventDate "2021.03.13"]
[WhiteTeam "Palacio de Pioneros B"]
[BlackTeam "L'Aurora"]

1. e4 c5 2. c3 d5 3. exd5 Qxd5 4. d4 g6 5. Nf3 Nc6 6. Be2 Bg7 7. Be3 cxd4 8.
cxd4 Nf6 9. Nc3 Qa5 10. O-O O-O 11. a3 Nd5 12. Nxd5 Qxd5 13. Qa4 Be6 14. b4 a6
15. Rac1 Qb3 16. Qxb3 Bxb3 17. Rc5 Rfd8 18. Rb1 Bd5 19. h3 Rac8 20. b5 axb5 21.
Rcxb5 Be4 22. Rd1 Bxf3 23. Bxf3 Nxd4 24. Bxd4 Bxd4 25. Rxb7 Bc5 26. a4 Rxd1+
27. Bxd1 Rd8 28. Be2 Rd4 29. a5 Rf4 30. Bf3 Ra4 31. Rb5 Bd6 32. g3 Kg7 33. Bb7
Rb4 34. Rxb4 Bxb4 35. a6 Bc5 36. Kf1 Kf6 37. Ke2 Ke5 38. Bc6 1/2-1/2

[Event "ARA Cto de Aragon por Equipos Division "]
[Site "Aragon"]
[Date "2021.03.13"]
[Round "1.32"]
[White "Fuentes Espuna, Juan Antonio"]
[Black "Colom Sienes, Eduardo"]
[Result "1/2-1/2"]
[WhiteElo "1977"]
[BlackElo "2094"]
[PlyCount "31"]
[EventDate "2021.03.13"]
[WhiteTeam "L'Aurora"]
[BlackTeam "Palacio de Pioneros B"]

1. d4 Nf6 2. c4 c5 3. Nf3 g6 4. Nc3 Bg7 5. e4 d6 6. dxc5 Qa5 7. Qc2 Nxe4 8.
cxd6 Nxd6 9. Bd2 Bf5 10. Qb3 O-O 11. Nd5 Qd8 12. Rd1 Na6 13. Bg5 Qa5+ 14. Bd2
Qd8 15. Bg5 Qa5+ 16. Bd2 1/2-1/2

[Event "Cto de Aragon por Equipos Preferente"]
[Site "?"]
[Date "2021.03.13"]
[Round "1.34"]
[White "Marco Gines, Emilio"]
[Black "Lopez Guaita, Fernando"]
[Result "1/2-1/2"]
[WhiteElo "1425"]
[BlackElo "1830"]
[PlyCount "63"]
[EventDate "2021.03.13"]
[WhiteTeam "Delicias B"]
[BlackTeam "Utebo San Lamberto"]

1. e4 c6 2. d3 d5 3. Nd2 dxe4 4. Nxe4 Nd7 5. Nf3 Ngf6 6. g3 g6 7. Bg2 Bg7 8.
O-O O-O 9. Re1 Nxe4 10. dxe4 Nc5 11. e5 Qxd1 12. Rxd1 Bg4 13. Bf4 Rfd8 14. Re1
Bf5 15. Rad1 Ne6 16. c3 Nxf4 17. gxf4 Bg4 18. h3 Bh5 19. Rd4 Rxd4 20. Nxd4 Rd8
21. b4 Bh6 22. Re4 e6 23. a4 a5 24. bxa5 Ra8 25. Nb3 Bd1 26. Nc5 Rxa5 27. Nxb7
Rxa4 28. Rd4 Rxd4 29. cxd4 Ba4 30. Nd8 Bxf4 31. Bxc6 Bxc6 32. Nxc6 1/2-1/2

[Event "Cto de Aragon por Equipos Preferente"]
[Site "?"]
[Date "2021.03.13"]
[Round "1.35"]
[White "Orti Stock, Carlos"]
[Black "Aznar Jimenez, Gonzalo"]
[Result "1-0"]
[WhiteElo "1826"]
[BlackElo "1205"]
[PlyCount "69"]
[EventDate "2021.03.13"]
[WhiteTeam "Utebo San Lamberto"]
[BlackTeam "Delicias B"]

1. b3 e5 2. Bb2 Nc6 3. e3 Nf6 4. Bb5 d6 5. d4 Bd7 6. Nf3 e4 7. Nfd2 d5 8. c4
Ne7 9. Bxd7+ Qxd7 10. Ba3 Ng6 11. Bxf8 Nxf8 12. Nc3 c6 13. Qe2 Ng6 14. cxd5
cxd5 15. Qb5 Qxb5 16. Nxb5 O-O 17. Ke2 a6 18. Nd6 b6 19. Nf5 Ra7 20. Rhc1 Ne7
21. Nxe7+ Rxe7 22. Rc6 Rb8 23. Rac1 g6 24. Rxf6 Rd7 25. Rfc6 Kg7 26. Nb1 f5 27.
Rc7 Rxc7 28. Rxc7+ Kh6 29. Nc3 Rd8 30. Rc6 a5 31. Rxb6 Rc8 32. Kd2 Kg5 33. Rb5
h5 34. Rxd5 Rb8 35. Rxa5 1-0

[Event "Cto de Aragon por Equipos Preferente"]
[Site "?"]
[Date "2021.03.13"]
[Round "1.36"]
[White "Martinez Blanco, Ruben"]
[Black "Cabestre Mines, Juan Ignacio"]
[Result "0-1"]
[WhiteElo "1065"]
[BlackElo "1390"]
[PlyCount "66"]
[EventDate "2021.03.13"]
[WhiteTeam "Delicias B"]
[BlackTeam "Utebo San Lamberto"]

1. d4 Nf6 2. c4 g6 3. Nf3 Bg7 4. Nc3 O-O 5. g3 d5 6. Bg2 c6 7. O-O Re8 8. Re1
dxc4 9. e4 Bg4 10. h3 Bxf3 11. Bxf3 e5 12. dxe5 Qxd1 13. Rxd1 Nfd7 14. Bg2 Nxe5
15. Bf4 Nd3 16. Rab1 Nd7 17. Be3 Nb6 18. Ne2 Nxb2 19. Nd4 Nxd1 20. Rxd1 Bxd4
21. Rxd4 Rad8 22. e5 Rxd4 23. Bxd4 Nd5 24. Kf1 Nb4 25. a4 a5 26. f4 b5 27. Bc3
bxa4 28. Bxb4 axb4 29. Bxc6 Rd8 30. Bxa4 b3 31. Bc6 b2 32. Be4 Rd3 33. Ke2 b1=Q
0-1

[Event "Cto de Aragon por Equipos Preferente"]
[Site "?"]
[Date "2021.03.13"]
[Round "1.37"]
[White "Castillo Sanjuan, Daniel"]
[Black "Martinez Cebolla, Alberto"]
[Result "1-0"]
[WhiteElo "1965"]
[BlackElo "2079"]
[PlyCount "51"]
[EventDate "2021.03.13"]
[WhiteTeam "Palacio De Pioneros C"]
[BlackTeam "IberCaja B"]

1. e4 e5 2. Nf3 Nc6 3. Bc4 Nf6 4. d3 Bc5 5. O-O d6 6. c3 h6 7. h3 O-O 8. Nbd2
a6 9. Re1 Be6 10. b4 Ba7 11. Qb3 Qd7 12. Nf1 Bxh3 13. gxh3 Qxh3 14. N3h2 Ng4
15. Be3 Nxf2 16. Bxf2 Bxf2+ 17. Kxf2 Ne7 18. Qd1 Qh4+ 19. Kg1 h5 20. Qf3 Qg5+
21. Kh1 g6 22. Ne3 Qh6 23. Qf6 Rae8 24. Nf5 Nxf5 25. exf5 c6 26. fxg6 1-0

[Event "Cto de Aragon por Equipos Preferente"]
[Site "?"]
[Date "2021.03.13"]
[Round "1.38"]
[White "Garcia Monterde, Francisco Jose"]
[Black "Iglesias Fernandez, Luis"]
[Result "0-1"]
[WhiteElo "1850"]
[BlackElo "1847"]
[PlyCount "150"]
[EventDate "2021.03.13"]
[WhiteTeam "IberCaja B"]
[BlackTeam "Palacio De Pioneros C"]

1. c4 e5 2. g3 f5 3. Bg2 Nf6 4. Nc3 Nc6 5. d3 Bc5 6. e3 O-O 7. Nge2 Bb6 8. O-O
d6 9. Nd5 Qe8 10. Nec3 Ne7 11. Nxe7+ Qxe7 12. Nd5 Qe8 13. Bd2 Kh8 14. Bc3 Ng4
15. h3 Nf6 16. d4 Nxd5 17. cxd5 e4 18. Qe2 Bd7 19. Qd2 Bb5 20. Rfe1 Bc4 21. a4
a5 22. f4 Bxd5 23. Kh2 Bb3 24. Bf1 d5 25. Bb5 c6 26. Be2 Qe6 27. Rg1 Bc7 28. h4
Bc4 29. Kg2 Bxe2 30. Qxe2 Rf6 31. Kf2 Rg6 32. Rg2 Rg4 33. Rh1 Bd6 34. Qd2 b6
35. b4 axb4 36. Bxb4 Rxa4 37. Bxd6 Qxd6 38. Qb2 Qb4 39. Qxb4 Rxb4 40. Ra1 h5
41. Ra8+ Kh7 42. Rf8 Rb2+ 43. Kf1 Rxg2 44. Kxg2 Rg6 45. Rxf5 Kh6 46. Rf8 Rd6
47. Rb8 c5 48. f5 g6 49. fxg6 Kxg6 50. dxc5 bxc5 51. Rc8 c4 52. Kf2 Kf5 53.
Rf8+ Rf6 54. Rg8 Ke5+ 55. Ke2 Rf5 56. Re8+ Kd6 57. Rd8+ Kc5 58. Kd2 Rf3 59.
Rc8+ Kd6 60. Rd8+ Ke6 61. Re8+ Kd7 62. Rg8 c3+ 63. Kxc3 Rxe3+ 64. Kc2 Kd6 65.
Rg6+ Kc5 66. Rg5 Kd4 67. Rxh5 Rxg3 68. Rh8 Rg2+ 69. Kd1 Kd3 70. Ke1 e3 71. Kf1
Rg4 72. Re8 Rf4+ 73. Ke1 Rxh4 74. Kf1 e2+ 75. Rxe2 Rh1+ 0-1

[Event "Cto de Aragon por Equipos Preferente"]
[Site "?"]
[Date "2021.03.13"]
[Round "1.39"]
[White "Caballero Ortin, Jorge"]
[Black "Torcal Andolz, Alfonso"]
[Result "1-0"]
[WhiteElo "1677"]
[BlackElo "1714"]
[PlyCount "89"]
[EventDate "2021.03.13"]
[WhiteTeam "Palacio De Pioneros C"]
[BlackTeam "IberCaja B"]

1. e4 e6 2. d4 d5 3. Nc3 dxe4 4. Nxe4 Nd7 5. Nf3 Ngf6 6. Nxf6+ Nxf6 7. Be3 Be7
8. Bd3 O-O 9. O-O b6 10. c3 Bb7 11. Qe2 Rc8 12. Rfd1 Nd5 13. Ne5 Nxe3 14. Qxe3
Bd6 15. Qh3 g6 16. Re1 Bxe5 17. Rxe5 c5 18. Qh6 Qf6 19. Be4 Bxe4 20. Rxe4 cxd4
21. Rxd4 Rfd8 22. Rad1 Rxd4 23. Rxd4 Rd8 24. Rxd8+ Qxd8 25. Qc1 Qd5 26. c4 Qc5
27. h3 b5 28. b3 bxc4 29. bxc4 h5 30. Qc3 Kf8 31. a3 Ke7 32. Kf1 f6 33. Kg1 e5
34. Kf1 Ke6 35. Ke2 f5 36. f3 Qg1 37. c5 Qxg2+ 38. Ke1 Qg1+ 39. Ke2 Qd4 40. Qc1
e4 41. fxe4 Qxe4+ 42. Kf2 Qd4+ 43. Ke2 Kd5 44. c6 Qc4+ 45. Qxc4+ 1-0

[Event "Cto de Aragon por Equipos Preferente"]
[Site "?"]
[Date "2021.03.13"]
[Round "1.40"]
[White "Barranco Castillo, Jose Antonio"]
[Black "Sacristan Latorre, Carlos"]
[Result "1-0"]
[WhiteElo "1588"]
[BlackElo "1667"]
[PlyCount "87"]
[EventDate "2021.03.13"]
[WhiteTeam "IberCaja B"]
[BlackTeam "Palacio De Pioneros C"]

1. Nf3 Nf6 2. g3 g6 3. Bg2 Bg7 4. O-O O-O 5. d3 d5 6. Nbd2 c5 7. e4 e6 8. Re1
Nc6 9. exd5 exd5 10. Nb3 b6 11. d4 c4 12. Nbd2 Re8 13. c3 Qc7 14. Nf1 Rxe1 15.
Qxe1 Qe7 16. Ne5 Bb7 17. Bg5 Re8 18. f4 Qd6 19. Ne3 Na5 20. Bxf6 Bxf6 21. Qf2
Bd8 22. Qf3 b5 23. Rf1 f6 24. N5g4 Qd7 25. f5 g5 26. Nxd5 Kg7 27. Nge3 Rxe3 28.
Qxe3 Bxd5 29. Re1 Bxg2 30. Kxg2 Qxf5 31. Qe8 Qd5+ 32. Kg1 Nc6 33. Re6 Nb8 34.
h4 gxh4 35. gxh4 b4 36. Re3 Qd6 37. h5 bxc3 38. bxc3 Nc6 39. Rh3 f5 40. h6+ Kf6
41. Qh8+ Kg6 42. Qg8+ Kf6 43. Qg7+ Ke6 44. Re3+ 1-0

[Event "Cto de Aragon por Equipos Preferente"]
[Site "?"]
[Date "2021.03.13"]
[Round "1.41"]
[White "Veras Sanz, Marino"]
[Black "Sancho Cortes, Miguel Angel"]
[Result "1-0"]
[WhiteElo "2073"]
[BlackElo "2039"]
[PlyCount "77"]
[EventDate "2021.03.13"]
[WhiteTeam "El Olivar B"]
[BlackTeam "Marie Curie"]

1. d4 f5 2. g3 Nf6 3. Bg2 g6 4. c4 Bg7 5. Nf3 d6 6. Nc3 c6 7. O-O O-O 8. Qb3
Kh8 9. Rd1 Na6 10. Qa3 Nc7 11. d5 c5 12. b4 cxb4 13. Qxb4 Na6 14. Qb1 Qc7 15.
Nd2 Ng4 16. Bb2 Qb6 17. Rf1 Nc5 18. Nd1 Bxb2 19. Qxb2+ Qxb2 20. Nxb2 Bd7 21.
Nd3 Rac8 22. Rab1 b6 23. Bf3 Ne5 24. Nxe5 dxe5 25. e3 Kg7 26. Be2 e6 27. Nf3
Kf6 28. Rfd1 Ne4 29. Rbc1 Rc5 30. Nd2 Nxd2 31. Rxd2 exd5 32. Rxd5 Rxd5 33. cxd5
Rc8 34. Rxc8 Bxc8 35. e4 fxe4 36. d6 Ke6 37. Bg4+ Kxd6 38. Bxc8 Kc5 39. Kf1 1-0

[Event "Cto de Aragon por Equipos Preferente"]
[Site "?"]
[Date "2021.03.13"]
[Round "1.42"]
[White "Sanchez Burillo, Guillermo"]
[Black "Gracia Campo, Carlos Alberto"]
[Result "0-1"]
[WhiteElo "1680"]
[BlackElo "2065"]
[PlyCount "84"]
[EventDate "2021.03.13"]
[WhiteTeam "Marie Curie"]
[BlackTeam "El Olivar B"]

1. d4 Nf6 2. Bf4 g6 3. Nf3 Bg7 4. Nc3 O-O 5. Qd2 c6 6. Bh6 b5 7. Bxg7 Kxg7 8.
e4 b4 9. e5 bxc3 10. exf6+ exf6 11. Qxc3 Re8+ 12. Kd2 Ba6 13. Bxa6 Nxa6 14.
Rhe1 Qc7 15. Qc4 Qf4+ 16. Re3 Nc7 17. Ke2 Rxe3+ 18. fxe3 Re8 19. Ne5 d5 20.
Qxc6 Qe4 21. Rf1 fxe5 22. Qxc7 Qg4+ 23. Ke1 Qh4+ 24. g3 Re7 25. gxh4 Rxc7 26.
Kd2 exd4 27. exd4 f5 28. b3 Kf6 29. Kd3 Re7 30. c4 Re4 31. c5 Ke6 32. Rf2 Rxh4
33. b4 Rh3+ 34. Kc2 Ra3 35. Re2+ Kd7 36. Kd1 Kc6 37. Kc1 f4 38. Kb2 Rd3 39.
Re6+ Kd7 40. Rd6+ Kc7 41. Rxd5 f3 42. Kc1 f2 0-1

[Event "Cto de Aragon por Equipos Preferente"]
[Site "?"]
[Date "2021.03.13"]
[Round "1.45"]
[White "Carruez Berges, Santiago"]
[Black "Flores Samperiz, Jorge"]
[Result "1/2-1/2"]
[WhiteElo "1998"]
[BlackElo "1939"]
[PlyCount "66"]
[EventDate "2021.03.13"]
[WhiteTeam "Agrupacion B"]
[BlackTeam "Helios B"]

1. e4 c5 2. d4 cxd4 3. c3 dxc3 4. Nxc3 Nc6 5. Nf3 d6 6. Bc4 e6 7. O-O Be7 8.
Qe2 Nf6 9. Rd1 Bd7 10. Nb5 O-O 11. Nxd6 Bxd6 12. Rxd6 Qc7 13. Rd1 Ne5 14. Nxe5
Qxe5 15. f4 Qc7 16. e5 Nd5 17. Bxd5 exd5 18. Rxd5 Be6 19. Rd1 Rfd8 20. Be3 a6
21. Rdc1 Qd7 22. h3 Qd3 23. Kf2 Qe4 24. Qf3 Qxf3+ 25. Kxf3 Rac8 26. b3 Bd5+ 27.
Kf2 Rxc1 28. Rxc1 Bc6 29. g4 h6 30. f5 Rd5 31. Bf4 Rd3 32. Be3 Rd5 33. Bf4 Rd3
1/2-1/2

[Event "Cto de Aragon por Equipos Preferente"]
[Site "?"]
[Date "2021.03.13"]
[Round "1.46"]
[White "Lorente Melcon, Maximo"]
[Black "Serrat Claver, David"]
[Result "1/2-1/2"]
[WhiteElo "1838"]
[BlackElo "1898"]
[PlyCount "74"]
[EventDate "2021.03.13"]
[WhiteTeam "Helios B"]
[BlackTeam "Agrupacion B"]

1. e4 e5 2. Nf3 Nc6 3. Bc4 Bc5 4. c3 Nf6 5. d3 a6 6. a4 a5 7. O-O O-O 8. Be3
Bxe3 9. fxe3 d5 10. exd5 Nxd5 11. Qd2 Qd6 12. Na3 Be6 13. Ng5 Qe7 14. Nxe6 fxe6
15. g3 Qg5 16. Nc2 Rxf1+ 17. Rxf1 Rf8 18. Rxf8+ Kxf8 19. Qf2+ Ke7 20. Qf3 Nb6
21. Bb3 Qf5 22. Qxf5 exf5 23. e4 fxe4 24. dxe4 Nd8 25. Ne3 c6 26. Kf2 g6 27.
Ng4 Nd7 28. Kf3 Ne6 29. Ne3 Nb6 30. Nc4 Nxc4 31. Bxc4 Nc5 32. b3 Kf6 33. h3 g5
34. g4 h6 35. Ke3 Kg6 36. Kf3 Kf6 37. Ke3 Kg6 1/2-1/2

[Event "Cto de Aragon por Equipos Preferente"]
[Site "?"]
[Date "2021.03.13"]
[Round "1.47"]
[White "Conon, Catalin"]
[Black "Lorente Melcon, Nicolas"]
[Result "1-0"]
[WhiteElo "1654"]
[BlackElo "1681"]
[PlyCount "93"]
[EventDate "2021.03.13"]
[WhiteTeam "Agrupacion B"]
[BlackTeam "Helios B"]

1. e4 c5 2. Nc3 g6 3. Bc4 Nc6 4. d3 Bg7 5. f4 d6 6. Nf3 e6 7. O-O Nge7 8. Qe1
O-O 9. Qh4 Nd4 10. Nxd4 cxd4 11. Ne2 Nc6 12. Qxd8 Rxd8 13. Bd2 b6 14. Ng3 Ne7
15. Rae1 d5 16. Bb3 a5 17. a4 Ra7 18. Rf2 Rc7 19. f5 exf5 20. exd5 Rcd7 21. Bg5
f4 22. Rxf4 Nxd5 23. Bxd5 Rxd5 24. Bxd8 Rxd8 25. Rfe4 Be6 26. R1e2 b5 27. axb5
Rb8 28. Re1 Rxb5 29. b3 Rc5 30. R1e2 h5 31. h3 Kh7 32. Nf1 Rg5 33. h4 Rc5 34.
Nh2 Rd5 35. Nf3 Bg4 36. Ng5+ Kg8 37. Re8+ Bf8 38. Rf2 Bf5 39. Ne4 Kg7 40. Ng3
Bg4 41. Ne4 Bb4 42. Nf6 Rb5 43. Rg8+ Kh6 44. Nxg4+ hxg4 45. Rxf7 g5 46. hxg5+
Rxg5 47. Rf6+ 1-0

[Event "Cto de Aragon por Equipos Preferente"]
[Site "?"]
[Date "2021.03.13"]
[Round "1.48"]
[White "Lacamara Pasamar, Miguel"]
[Black "Gonzalez Corredor, Arturo"]
[Result "1-0"]
[WhiteElo "1639"]
[BlackElo "1627"]
[PlyCount "45"]
[EventDate "2021.03.13"]
[WhiteTeam "Helios B"]
[BlackTeam "Agrupacion B"]

1. e4 e6 2. d3 d5 3. Nd2 Nf6 4. Ngf3 Be7 5. g3 O-O 6. e5 Nfd7 7. Bg2 Re8 8. O-O
Nf8 9. Re1 c5 10. Nf1 Nc6 11. h4 f6 12. h5 fxe5 13. Nxe5 Nxe5 14. Rxe5 Bf6 15.
Re1 Bd7 16. Nh2 Qc7 17. Ng4 Be7 18. h6 g6 19. Bf4 Bd6 20. Bxd6 Qxd6 21. Nf6+
Kh8 22. Nxe8 Bxe8 23. Qf3 1-0

[Event "ARA Cto de Aragon por Equipos Division "]
[Site "Aragon"]
[Date "2021.03.20"]
[Round "2.1"]
[White "Lopez Gracia, Fernando"]
[Black "Forcen Esteban, Daniel"]
[Result "1/2-1/2"]
[WhiteElo "2299"]
[BlackElo "2558"]
[PlyCount "106"]
[EventDate "2021.03.13"]
[WhiteTeam "Ibercaja"]
[BlackTeam "Jaime Casas"]

1. d4 Nf6 2. Nf3 e6 3. e3 c5 4. c4 cxd4 5. Nxd4 Bb4+ 6. Bd2 Be7 7. Nc3 Nc6 8.
Nf3 O-O 9. Be2 d5 10. cxd5 exd5 11. O-O a6 12. Rc1 Bf5 13. Be1 Rc8 14. Nd4 Nxd4
15. Qxd4 Ne4 16. Rd1 Bf6 17. Qxd5 Nxc3 18. Bxc3 Qxd5 19. Rxd5 Be4 20. Rd7 Bxc3
21. bxc3 Rxc3 22. Bf3 Bxf3 23. gxf3 b5 24. a4 b4 25. Rb7 a5 26. Rb5 Ra8 27. Rd1
Rcc8 28. Kf1 Rab8 29. Rxb8 Rxb8 30. Ke2 g6 31. Rd5 b3 32. Rd1 b2 33. Rb1 Kg7
34. Kd3 Rb4 35. f4 h5 36. Kc3 Rxa4 37. Rxb2 Ra1 38. Kd2 Rh1 39. Ra2 Rxh2 40.
Ke2 Rh1 41. Rxa5 Rg1 42. Kf3 Kh6 43. Ra8 Kh7 44. Ra5 Kg7 45. Rb5 f6 46. Rb7+
Kh6 47. Rb8 g5 48. Rh8+ Kg6 49. f5+ Kxf5 50. Rxh5 Ke5 51. Rh8 g4+ 52. Ke2 Ra1
53. Rb8 f5 1/2-1/2

[Event "ARA Cto de Aragon por Equipos Division "]
[Site "Aragon"]
[Date "2021.03.20"]
[Round "2.2"]
[White "Ramiro Ovejero, Juan Luis"]
[Black "Torcal Miguel, Oscar"]
[Result "1-0"]
[WhiteElo "2345"]
[BlackElo "2101"]
[PlyCount "83"]
[EventDate "2021.03.13"]
[WhiteTeam "Jaime Casas"]
[BlackTeam "Ibercaja"]

1. e4 c5 2. c3 d5 3. exd5 Qxd5 4. d4 Nf6 5. Nf3 Bg4 6. dxc5 Qxd1+ 7. Kxd1 e6 8.
b4 Be7 9. Nbd2 O-O 10. h3 Bxf3+ 11. Nxf3 Ne4 12. Kc2 Bf6 13. Bb2 Nxf2 14. Rg1
Ne4 15. Re1 Ng3 16. Bd3 a5 17. a3 Nc6 18. Bc1 axb4 19. axb4 Ra2+ 20. Kb3 Rfa8
21. Bb1 Ra1 22. Bb2 R1a4 23. Re3 h6 24. Rd1 R4a7 25. Rd7 Nb8 26. Rd6 Ra6 27.
Rd1 g6 28. Nd4 Nf5 29. Bxf5 gxf5 30. Nb5 Rc6 31. Red3 Na6 32. Rd7 b6 33. R1d6
Rxd6 34. Nxd6 bxc5 35. b5 Nb8 36. Rc7 Be5 37. Rc8+ Kh7 38. Nxf7 Bg3 39. c4 Ra7
40. Ne5 Bxe5 41. Bxe5 Nd7 42. Rc7 1-0

[Event "ARA Cto de Aragon por Equipos Division "]
[Site "Aragon"]
[Date "2021.03.20"]
[Round "2.3"]
[White "Martinez Cebolla, Alberto"]
[Black "Fontana Sotomayor, Luis Javier"]
[Result "1/2-1/2"]
[WhiteElo "2079"]
[BlackElo "2271"]
[PlyCount "102"]
[EventDate "2021.03.13"]
[WhiteTeam "Ibercaja"]
[BlackTeam "Jaime Casas"]

1. e4 c6 2. d4 d5 3. exd5 cxd5 4. Bd3 Nc6 5. c3 Nf6 6. Bf4 Bg4 7. Qb3 Na5 8.
Qa4+ Bd7 9. Qc2 Rc8 10. Nf3 Qb6 11. Nbd2 Bb5 12. O-O Bxd3 13. Qxd3 e6 14. Ne5
Be7 15. Bg5 a6 16. Rab1 Qd8 17. f4 O-O 18. Rbe1 Nc6 19. Re3 Nd7 20. Rh3 f5 21.
Nxd7 Qxd7 22. Bxe7 Nxe7 23. Nb3 Rf6 24. Nc5 Qc6 25. Re3 Ng6 26. g3 a5 27. Rfe1
Nf8 28. Qe2 Re8 29. a3 b6 30. Nd3 Nd7 31. Ne5 Nxe5 32. Rxe5 Kf8 33. h3 g6 34.
Qf3 Qb5 35. R1e2 Qb3 36. Qf1 b5 37. Qe1 Kf7 38. g4 fxg4 39. hxg4 h6 40. g5 hxg5
41. fxg5 Rf5 42. Rxf5+ gxf5 43. Qh4 Qd1+ 44. Kf2 Ke7 45. g6+ Kd7 46. g7 Qc1 47.
Qf6 Qf4+ 48. Ke1 Qc1+ 49. Kf2 Qf4+ 50. Ke1 Qc1+ 51. Kf2 Qf4+ 1/2-1/2

[Event "ARA Cto de Aragon por Equipos Division "]
[Site "Aragon"]
[Date "2021.03.20"]
[Round "2.4"]
[White "Eizaguerri Floris, Maria"]
[Black "Villalba Embid, Marcos"]
[Result "1-0"]
[WhiteElo "2247"]
[BlackElo "2020"]
[PlyCount "81"]
[EventDate "2021.03.13"]
[WhiteTeam "Jaime Casas"]
[BlackTeam "Ibercaja"]

1. e4 c5 2. Nf3 d6 3. d4 cxd4 4. Nxd4 Nf6 5. Nc3 a6 6. h3 e5 7. Nde2 Be6 8. g4
h6 9. Bg2 Be7 10. Ng3 g6 11. Be3 Kf8 12. Qd2 Kg7 13. O-O Nbd7 14. Nd5 Bxd5 15.
exd5 h5 16. g5 Nh7 17. Ne4 f5 18. gxf6+ Ndxf6 19. Bh6+ Kg8 20. Qd3 Nxe4 21.
Bxe4 Nf6 22. Be3 Nxe4 23. Qxe4 Qe8 24. Kh1 Kh7 25. f4 Bf6 26. Rae1 Qd7 27. Rf3
Rhg8 28. Rg1 Rg7 29. h4 Qf5 30. Qxf5 gxf5 31. fxe5 Bxe5 32. Rxf5 Bxb2 33. Rxh5+
Kg8 34. Rhg5 Rxg5 35. Rxg5+ Kh7 36. c4 Rc8 37. c5 dxc5 38. d6 c4 39. Bb6 c3 40.
d7 Ra8 41. Rg2 1-0

[Event "ARA Cto de Aragon por Equipos Division "]
[Site "Aragon"]
[Date "2021.03.20"]
[Round "2.5"]
[White "Adla, Diego"]
[Black "Zambrana Petisme, Ramiro"]
[Result "1-0"]
[WhiteElo "2425"]
[BlackElo "2102"]
[PlyCount "81"]
[EventDate "2021.03.13"]
[WhiteTeam "MyInvestor Casablanca"]
[BlackTeam "Palacio de Pioneros B"]

1. Nf3 g6 2. g3 Bg7 3. Bg2 d5 4. c4 c6 5. d4 Nf6 6. cxd5 cxd5 7. Ne5 O-O 8. Nc3
Nc6 9. O-O e6 10. Nxc6 bxc6 11. Bf4 Nh5 12. Be3 Rb8 13. Qd2 Qb6 14. b3 c5 15.
Na4 Qb4 16. Qxb4 Rxb4 17. Nxc5 Bxd4 18. Nd3 Bxa1 19. Nxb4 Bc3 20. Bc5 Re8 21.
Nc6 a6 22. Rc1 Bf6 23. e3 Bd7 24. Na7 Be5 25. Bf1 a5 26. Ba6 Nf6 27. Bb6 Ra8
28. Bb7 Rb8 29. Bc7 Rxb7 30. Bxe5 Ng4 31. Rc7 Rb8 32. Bc3 Be8 33. h3 d4 34.
Bxd4 Nh6 35. g4 Rd8 36. Nc6 Ra8 37. e4 Bxc6 38. Rxc6 Kf8 39. Rc7 Ng8 40. Kg2
Ke8 41. Kf3 1-0

[Event "ARA Cto de Aragon por Equipos Division "]
[Site "Aragon"]
[Date "2021.03.20"]
[Round "2.6"]
[White "Colom Sienes, Eduardo"]
[Black "Glavina, Pablo"]
[Result "0-1"]
[WhiteElo "2094"]
[BlackElo "2410"]
[PlyCount "70"]
[EventDate "2021.03.13"]
[WhiteTeam "Palacio de Pioneros B"]
[BlackTeam "MyInvestor Casablanca"]

1. e4 e5 2. Bc4 Nf6 3. Nc3 Bc5 4. d3 O-O 5. f4 d5 6. Nxd5 Be6 7. Nxf6+ Qxf6 8.
Bxe6 fxe6 9. Qh5 Bxg1 10. Rxg1 exf4 11. Rf1 Nc6 12. e5 Qe7 13. Qe2 f3 14. gxf3
Nd4 15. Qg2 Qh4+ 16. Kd1 Rxf3 17. Rxf3 Qh5 18. c3 Nxf3 19. Be3 Rd8 20. Kc2 Qf5
21. Qe2 Nxe5 22. Bd4 Qxd3+ 23. Qxd3 Nxd3 24. Kxd3 e5 25. Re1 exd4 26. Re7 dxc3+
27. Kxc3 Rd1 28. Kc2 Rd6 29. Rxc7 Rc6+ 30. Rxc6 bxc6 31. Kc3 Kf7 32. Kb4 Ke6
33. Ka5 g5 34. Ka6 h5 35. Kxa7 g4 0-1